000 00479nam a22001817a 4500
003 MPLRDC
005 20220104113817.0
008 210129b ||||| |||| 00| 0 eng d
020 _a957-773-072-8
082 _a889 CSJB v.3
100 _aBETHANY CAMPBELL
245 _a魔鬼情人
_c孙凡轩译
260 _a
_b禾林图书股份有限公司
_c1994
300 _b
490 _a畅销金榜系列. 3
650 _a西洋小说之中文翻译
942 _cBK
_o889 CSJB v.3
999 _c2536
_d2526